000 00961nam a22002777a 4500
003 URS
005 20260310072353.0
008 260310b |||||||| |||| 00| 0 eng d
020 _a9781441151810
040 _aDLC
_beng
_cDLC
_dURS
_erda
050 _aP 40.8
_b.L2692 2014
100 _aSilver, Rita Elaine
_eeditor;
245 _aLanguage in Education:
_bsocial implications/
_cedited by Rita Elaine Silver and Soe Marlar Lwin.-
264 _aLondon:
_bBloomsbury,
_c2014.
300 _aix,
_b201 pages;
_c23 centimeters.
336 _2rdacontent
_atext
_btxt
337 _2rdamedia
_aunmediated
_bn
338 _2rdacarrier
_avolume
_bnc
500 _aIncludes glossary and index.
504 _aIncludes references.
650 _2Language and education
650 _2Language - Study and teaching
650 _2Interdisciplinary approach to education
700 _aLwin, Soe Marlar
_eeditor;
942 _2lcc
_cFR
_hP 40.8
_i.L2692 2014
999 _c98967
_d98964